Missing Word: Twist Ending Movies Quiz Stats

Quiz Updated Feb 16, 2015

Challenge
Share
Tweet
Embed
Score 0/20 Timer 04:00
0 Plays Today
Hint Answer % Correct
The _____ Sense (1999)Sixth
97.2%
Planet of the ____ (1968)Apes
96.2%
The Usual ________ (1995)Suspects
84.7%
Rosemary's____ (1968)Baby
84.6%
Fight ____ (1999)Club
83.9%
A _________ Mind (2001)Beautiful
82.9%
Donnie _____ (2001)Darko
77.9%
The _________ Redemption (1994)Shawshank
77.7%
_________ Dogs (1992)Reservoir
71.6%
The Wicker ___ (1973)Man
66%
Hint Answer % Correct
_______ Island (2009)Shutter
60.1%
The Devil's ________ (1997)Advocate
60%
__________ Drive (2001)Mulholland
46.2%
The ______ Game (1992)Crying
43.5%
A History of ________(2005)Violence
42%
______ Fear (1996)Primal
22.3%
______ Edge (1985)Jagged
11.6%
_____ Heart (1987)Angel
10.5%
Dead Man's _____ (2004)Shoes
8.6%
_________ Road (1999)Arlington
8.4%

Today's Daily Dose

Word Ladder
TV Networks

Quick Pick
Medical Terms

On This Day
May 21st II

You're not logged in!

Compare scores with friends on all Sporcle quizzes.
Join for Free
OR
Log In

You Might Also Like...

Show Comments

Extras

Top Quizzes Today


Score Distribution

Your Account Isn't Verified!

In order to create a playlist on Sporcle, you need to verify the email address you used during registration. Go to your Sporcle Settings to finish the process.

Report this User

Report this user for behavior that violates our Community Guidelines.

Details: